000
00299nam a22001337a 4500
008
260323b ||||| |||| 00| 0 eng d
020
_a
9789951053549
041
_a
eng
080
_a
02.
100
_a
25
101
_a
Përralla
245
_a
Përralla e Postierit
_c
Karel Capëk
942
_2
udc
_c
BK
999
_c
60920
_d
60920